000 00992nam a2200253Ia 4500
999 _c1434
_d1434
003 CoMeUDC
005 20210930141646.0
008 130821s2006 ck gr spa
020 _a9580496609
040 _aCo-BoUCM
_bspa
_cCO-UdeC
082 0 4 _a658.40
_bM294
100 1 _aManucci, Marcelo
245 1 3 _aLa estrategia de los cuatro círculos :
_bdiseñar el futuro en la incertidumbre del presente /
_cMarcelo Manucci.
260 _aBogotá :
_bEditorial Norma,
_c2006
300 _a233 p. :
_c23 cm.
504 _aIncluye bibliografía.
505 _aLa estrategia de la mirada -- Participar en la complejidad -- La implementación de los cuatro círculos -- Saltos en la incertidumbre.
650 0 4 _aAdministración de empresas
_9435
650 0 4 _aAdministración de proyectos
_98567
650 0 4 _aLiderazgo
_918533
650 0 4 _aPlanificación estratégica
_921662
650 0 4 _aToma de decisiones en administración
_925506
942 _cBK
_mM294
_h658.404